Cyprián Majerník

Titel: Cyprián Majerník : "okrievať v očisťujúcom jeho žiarení" = Cyprián Majerník : "to revive in his purifying shine" ; Galéria mesta Bratislavy, Mirbachov palác 27. november 2009 - 31. január 2010 / [autorská koncepce výstavy a texty v publikácii:] Zsófia Kiss-Szemán
Beteiligt: ;
Veröffentlicht: Bratislava : Galéria Mesta, 2009
Umfang: 195 Seiten : Illustrationen
Format: Buch
Sprache: Slowakisch; Englisch
Schlagworte:
ISBN: 9788089340156 ; 8089340156
Buchumschlag
X
Lokale Klassifikation: 2 M 1198 ; 24 9 F ; 24 9 B 501
alg: 30759217
001A    $03004:30-08-12 
001B    $01999:20-08-25 $t15:40:10.000 
001D    $03004:04-02-13 
001U    $0utf8 
001X    $00 
002@    $0Aau 
002C    $aText $btxt $2rdacontent 
002C    $aunbewegtes Bild $bsti $2rdacontent 
002D    $aohne Hilfsmittel zu benutzen $bn $2rdamedia 
002E    $aBand $bnc $2rdacarrier 
003@    $0307592170 
004A    $A978-80-89340-15-6 
004A    $080-89340-15-6 
007A    $0307592170 $aHEB 
007G    $0DE020F6BFFB1CA6BB450CC1257B1700450723 
007T    $0Herdhh307592170 
009P    $qapplication/pdf $A2 $3Inhaltsverzeichnis $uhttps://scans.hebis.de/HEBCGI/show.pl?30759217_toc.pdf $mV:DE-603;B:DE-Mb50 
010@    $aslo $aeng 
011@    $a2009 $n2009 
013D    $RKatalog $#Exhibition catalogs $#Expositions $#Cataloghi di esposizioni $#Ausstellungskatalog $74135467-9 $8Ausstellungskatalog [Tsz] $9085499846 $y2009 $zBratislava 
021A    $aCyprián Majerník $d"okrievať v očisťujúcom jeho žiarení" $fCyprián Majerník $f"to revive in his purifying shine" ; Galéria mesta Bratislavy, Mirbachov palác 27. november 2009 - 31. január 2010 $h[autorská koncepce výstavy a texty v publikácii:] Zsófia Kiss-Szemán 
028C    $#Szemán, Zsófia Kiss- $#Kiss-Szemán, Zsófia $7139447997 $8Kiss-Szemán, Zsófia [Tp1] $9216673925 
028C    $713039291X $8Majerník, Cyprián$Z1909-1945 [Tp1] $9133308065 
033A    $pBratislava $nGaléria Mesta 
034D    $a195 Seiten 
034M    $aIllustrationen 
044K    $qDNB $713039291X $8Majerník, Cyprián$Z1909-1945 [Tp1] $9133308065 
045F    $a709.4373 $eDDC23BSB 
045F/01 $a709 
045F/03 $g4373 
045G    $a069.094373 $eDDC23BSB 
045G/01 $a069 
045G/03 $g4373 

lok: 30759217 24
101B    $004-02-13 $t13:28:34.000 
101C    $004-02-13 
101U    $0utf8 
145Z/01 $a2 M 1198 
145Z/02 $a24 9 F 
145Z/03 $a24 9 B 501 

exp: 30759217 24 1 #EPN
201B/01 $004-02-13 $t13:27:22.000 
201C/01 $030-08-12 
201U/01 $0utf8 
203@/01 $064794877X 
208@/01 $a04-02-13 $bz 
209A/01 $a12.07750 $du $f050 $h12 07750 $x00 
209C/01 $a12.07750 K $h12 07750 K 
209G/01 $a73032563 $x00 
220C/01 $akon 
244Z/01 $713039291X $8--Tp1--Majerník, Cyprián$Z1909-1945 $x01 $9133308065 
247C/01 $8358050-7 Marburg, Bibliothek des Herder-Instituts Marburg $9102600961 

lok: 30759217 78

exp: 30759217 78 1 #EPN
201B/01 $019-04-17 $t22:07:32.000 
201U/01 $0utf8 
203@/01 $0793263530 
208@/01 $a12-11-16 $be 
209A/01 $a/ $f000 $x00 
244Z/01 $2Trx $#dzieło zbiorowe $8--Trx--Sammelwerk $x01 $9391384597 
247C/01 $82080>Marburg/Lahn, Herder-Institut, Forschungsbibliothek, Bibliographieportal $9336309341
LEADER 00000cam a2200000 c 4500
001 307592170
003 DE-603
005 20250820154010.0
007 tu
008 120830s2009 xx |||| | u00||u|slo c
020 |a 9788089340156 
020 |a 8089340156 
035 |a (DE-599)HEB307592170 
040 |a DE-603  |b ger  |c DE-603  |d DE-603 
041 |a slo  |a eng 
082 0 4 |8 1\u  |a 709.4373  |q DE-101  |2 23/BSB 
083 0 |8 2\u  |a 069.094373  |q DE-101  |2 23/BSB 
085 |8 1\u  |b 709 
085 |8 1\u  |z 2  |s 4373 
085 |8 2\u  |b 069 
085 |8 2\u  |z 2  |s 4373 
245 0 0 |a Cyprián Majerník  |b "okrievať v očisťujúcom jeho žiarení" = Cyprián Majerník : "to revive in his purifying shine" ; Galéria mesta Bratislavy, Mirbachov palác 27. november 2009 - 31. január 2010  |c [autorská koncepce výstavy a texty v publikácii:] Zsófia Kiss-Szemán 
264 1 |a Bratislava  |b Galéria Mesta  |c 2009 
300 |a 195 Seiten  |b Illustrationen 
336 |a Text  |b txt  |2 rdacontent 
336 |a unbewegtes Bild  |b sti  |2 rdacontent 
337 |a ohne Hilfsmittel zu benutzen  |b n  |2 rdamedia 
338 |a Band  |b nc  |2 rdacarrier 
600 1 7 |a Majerník, Cyprián  |d 1909-1945  |0 (DE-588)13039291X  |0 (DE-603)133308065  |2 gnd 
655 7 |a Ausstellungskatalog  |y 2009  |z Bratislava  |2 gnd-content  |0 (DE-588)4135467-9  |0 (DE-603)085499846 
700 1 |a Kiss-Szemán, Zsófia  |0 (DE-603)216673925  |0 (DE-588)139447997  |2 gnd 
700 1 |a Majerník, Cyprián  |d 1909-1945  |0 (DE-603)133308065  |0 (DE-588)13039291X  |2 gnd 
856 4 2 |m V:DE-603;B:DE-Mb50  |q application/pdf  |u https://scans.hebis.de/HEBCGI/show.pl?30759217_toc.pdf  |3 Inhaltsverzeichnis 
924 0 |9 Mb 50  |a (DE-603)64794877X  |b DE-Mb50  |c HES  |d c  |g 12.07750 
924 0 |9 2080  |a (DE-603)793263530  |b DE-2080  |c HES  |d d  |g /